000 00939nas a2200301 4500
001 BR0003889
003 BR-BrBNA
005 20231205101957.0
007 ta
008 230509b bl.|||p| |||| 00| 00por d
040 _aBR-BrBNA
_bpor
_cBiblioteca Nacional de Agricultura
041 _a(Pt)
072 _aF60
100 1 _aBarreto, L.P.
100 1 _aBezerra Neto, E.
100 1 _aBurity, H.A.
100 1 _aStamford, N.P.
100 1 _aSilva, J.H.B. da
245 1 _aEfeito do estresse salino sobre o crescimento e teores de Na, K, Ca, Mg e P em sorgo forrageiro
650 _aSorgo Forrageiro
650 _aSalinidade
650 _aNutriente Mineral
650 _aGenotipo
650 _aComposicao Quimica
773 0 _tPesquisa Agropecuaria Pernambucana (Brazil)
_xISSN 0100-8501
_g(Jan-Dec 1998-1999), v. 11(special number) p. 23-90
_wBR0003889
909 _a202311
_bLúcia
_c55
_dLúcia Elande
942 _2AGRIS
_n0
_cANA
999 _c165056
_d165056